गुप्त-लेखन : (Record no. 120161)

MARC details
000 -LEADER
fixed length control field 01174nam a22002417a 4500
005 - DATE AND TIME OF LATEST TRANSACTION
control field 20170124103154.0
010 ## - LIBRARY OF CONGRESS CONTROL NUMBER
LC control number A-906276
020 ## - INTERNATIONAL STANDARD BOOK NUMBER
Terms of availability 175.00
International Standard Book Number 8175660112
035 ## - SYSTEM CONTROL NUMBER
System control number A-906276
037 ## - SOURCE OF ACQUISITION
Source of stock number/acquisition Cen Lib/Ret
040 ## - CATALOGING SOURCE
Original cataloging agency DPL
Language of cataloging HN
082 ## - DEWEY DECIMAL CLASSIFICATION NUMBER
Classification number 652.8
Item number गर्गधु
100 ## - MAIN ENTRY--PERSONAL NAME
Personal name गर्ग, धुरेन्द्र कुमार
9 (RLIN) 88827
245 ## - TITLE STATEMENT
Title गुप्त-लेखन :
Statement of responsibility, etc धुरेन्द्र कुमार गर्ग [और] प्रमोद कुमार सक्सेना
Remainder of title एक परिचय /
246 ## - VARYING FORM OF TITLE
Title proper/short title Gupta-lekhan : ek parichaya /
Remainder of title by Dhurendra Kumar Garg [aur] Pramod Kumar Saxena
260 ## - PUBLICATION, DISTRIBUTION, ETC. (IMPRINT)
Place of publication, distribution, etc दिल्ली
Name of publisher, distributor, etc अविराम प्रकाशन
Date of publication, distribution, etc 1998
270 ## - ADDRESS
Address 29/62, गली-11, विश्वास नगर
City दिल्ली
Postal code 110032
300 ## - PHYSICAL DESCRIPTION
Extent 186पृ. :
Dimensions 21सेमी (सजिल्द)
Other physical details सचित्र
650 ## - SUBJECT ADDED ENTRY--TOPICAL TERM
Topical term or geographic name as entry element क्रिप्टोग्राफी।
9 (RLIN) 77377
650 ## - SUBJECT ADDED ENTRY--TOPICAL TERM
Topical term or geographic name as entry element Cryptography.
9 (RLIN) 88828
700 ## - ADDED ENTRY--PERSONAL NAME
Personal name सक्सेना, प्रमोद कुमार
9 (RLIN) 88829
942 ## - ADDED ENTRY ELEMENTS (KOHA)
Source of classification or shelving scheme Dewey Decimal Classification
Koha item type Hindi Books
Classification part 652.8
Call number suffix गर्गधु
Holdings
Withdrawn status Lost status Damaged status Not for loan Home library Current library Date acquired Source of acquisition Cost, normal purchase price Total Checkouts Full call number Barcode Date last seen Copy number Cost, replacement price Price effective from Koha item type
        Central Library Central Library 21/09/2015 Cen Lib/Ret 175.00   652.8 गर्गधु A-906276 21/09/2015 1 175.00 21/09/2015 Hindi Books

© Delhi Public Library
Hit Counter
free hit counter